[Event "Sydney International Open"]
[Site "Parramatta, NSW"]
[Date "2010.04.07"]
[Round "1.1"]
[White "Chao, Li"]
[Black "Stead, Kerry"]
[Result "1-0"]
[WhiteElo "2613"]
[BlackElo "2087"]
[PlyCount "61"]
[EventDate "2010.04.07"]
[EventType "swiss"]
[EventRounds "9"]
[EventCountry "AUS"]
[SourceDate "2010.04.07"]

1. e4 g6 2. d4 Bg7 3. Nc3 c6 4. Be3 d5 5. f3 h5 6. Qd2 Nf6 7. h3 Nbd7 8. O-O-O
e6 9. Bd3 Qa5 10. Kb1 b6 11. Nge2 Ba6 12. Nxd5 Bxd3 13. Qxa5 bxa5 14. Nxf6+
Bxf6 15. cxd3 O-O 16. Rc1 Rfc8 17. Rc2 Rab8 18. Rhc1 Rb6 19. Nc3 Rb4 20. a3 Rb3
21. Ka2 Rcb8 22. Rd2 c5 23. dxc5 Ne5 24. Rcc2 Nc6 25. d4 a4 26. Bf2 Bg5 27. Rd1
e5 28. d5 Nd4 29. Bxd4 exd4 30. Rxd4 Be3 31. Rc4 1-0

[Event "Sydney International Open"]
[Site "Parramatta, NSW"]
[Date "2010.04.07"]
[Round "1.2"]
[White "Jackson, Ralph"]
[Black "Zhao, Zong Yuan"]
[Result "0-1"]
[WhiteElo "2081"]
[BlackElo "2592"]
[PlyCount "56"]
[EventDate "2010.04.07"]
[EventType "swiss"]
[EventRounds "9"]
[EventCountry "AUS"]
[SourceDate "2010.04.07"]

1. d4 Nf6 2. Nf3 g6 3. g3 Bg7 4. Bg2 O-O 5. O-O d6 6. Re1 Nbd7 7. e4 e5 8. c3
b6 9. a4 a6 10. b4 Bb7 11. d5 Re8 12. Na3 c6 13. c4 a5 14. b5 cxd5 15. cxd5 Nc5
16. Nd2 Nfd7 17. Ndc4 Qc7 18. Ra2 f5 19. f3 Rf8 20. Ne3 Rf7 21. g4 fxe4 22.
fxe4 Bh6 23. h4 Bf4 24. Nf1 Raf8 25. g5 Bxc1 26. Qxc1 Rf4 27. h5 Qd8 28. Bh3
Nd3 0-1

[Event "Sydney International Open"]
[Site "Parramatta, NSW"]
[Date "2010.04.07"]
[Round "1.3"]
[White "Malaniuk, Vladimir"]
[Black "Morris, Michael"]
[Result "1-0"]
[WhiteElo "2582"]
[BlackElo "2048"]
[PlyCount "41"]
[EventDate "2010.04.07"]
[EventType "swiss"]
[EventRounds "9"]
[EventCountry "AUS"]
[SourceDate "2010.04.07"]

1. d4 Nf6 2. Nf3 e6 3. c4 c5 4. d5 exd5 5. cxd5 d6 6. e4 Qe7 7. Bd3 Bg4 8. O-O
Bxf3 9. Qxf3 Nbd7 10. Nd2 O-O-O 11. Nc4 Ne8 12. Bd2 g6 13. b4 Bg7 14. Rab1 Ne5
15. Nxe5 Bxe5 16. a4 Rd7 17. Be3 Rc7 18. Qh3+ Kb8 19. bxc5 dxc5 20. f4 Bd4 21.
e5 1-0

[Event "Sydney International Open"]
[Site "Parramatta, NSW"]
[Date "2010.04.07"]
[Round "1.4"]
[White "Kumar, Manoj"]
[Black "Jones, Gawain"]
[Result "0-1"]
[WhiteElo "2040"]
[BlackElo "2556"]
[PlyCount "88"]
[EventDate "2010.04.07"]
[EventType "swiss"]
[EventRounds "9"]
[EventCountry "AUS"]
[SourceDate "2010.04.07"]

1. d4 Nf6 2. Nf3 g6 3. Bf4 Bg7 4. e3 O-O 5. Be2 d6 6. O-O Nbd7 7. h3 b6 8. c3
Bb7 9. Nbd2 Ne4 10. Nxe4 Bxe4 11. Nd2 Bb7 12. Bf3 Bxf3 13. Nxf3 e5 14. Bh2 Qe7
15. Qa4 c5 16. dxe5 dxe5 17. Rad1 Rfd8 18. Rd5 Nf8 19. Rfd1 Rxd5 20. Rxd5 f6
21. Kf1 Kh8 22. Qc6 Re8 23. Bg3 Qf7 24. Kg1 Rc8 25. Qxc8 Qxd5 26. Qa6 Qd1+ 27.
Kh2 Qc2 28. Qb5 g5 29. a4 h5 30. h4 g4 31. Ne1 Qg6 32. a5 f5 33. Nd3 Qd6 34. b4
Ng6 35. bxc5 bxc5 36. Qc4 Bh6 37. Kg1 f4 38. exf4 exf4 39. Bh2 g3 40. fxg3 fxg3
41. Bxg3 Qxg3 42. Nxc5 Be3+ 43. Kh1 Qe1+ 44. Kh2 Bf4+ 0-1

[Event "Sydney International Open"]
[Site "Parramatta, NSW"]
[Date "2010.04.07"]
[Round "1.5"]
[White "Panchanathan, Magesh Chandran"]
[Black "Milligan, Helen"]
[Result "1-0"]
[WhiteElo "2543"]
[BlackElo "2016"]
[PlyCount "67"]
[EventDate "2010.04.07"]
[EventType "swiss"]
[EventRounds "9"]
[EventCountry "AUS"]
[SourceDate "2010.04.07"]

1. e4 e5 2. Nf3 Nc6 3. Bb5 a6 4. Ba4 Nf6 5. O-O Be7 6. Re1 b5 7. Bb3 d6 8. c3
O-O 9. d4 Bg4 10. Be3 exd4 11. cxd4 d5 12. e5 Ne4 13. Nc3 Nxc3 14. bxc3 Qd7 15.
Bc2 Nd8 16. h3 Bxf3 17. Qxf3 Ne6 18. Qg4 g6 19. Bh6 Rfd8 20. f4 Bf8 21. Bxf8
Nxf8 22. f5 Re8 23. h4 a5 24. h5 Ra6 25. Re3 c5 26. Rae1 b4 27. hxg6 fxg6 28.
e6 Qg7 29. e7 Nd7 30. fxg6 Nf6 31. gxh7+ Kh8 32. Qxg7+ Kxg7 33. Rg3+ Kh8 34.
Bg6 1-0

[Event "Sydney International Open"]
[Site "Parramatta, NSW"]
[Date "2010.04.07"]
[Round "1.6"]
[White "Goundar, Sanmogam"]
[Black "Smerdon, David"]
[Result "0-1"]
[WhiteElo "1929"]
[BlackElo "2530"]
[PlyCount "38"]
[EventDate "2010.04.07"]
[EventType "swiss"]
[EventRounds "9"]
[EventCountry "AUS"]
[SourceDate "2010.04.07"]

1. d4 Nf6 2. c4 e6 3. Nf3 c5 4. d5 d6 5. Nc3 exd5 6. cxd5 g6 7. e4 a6 8. a4 Bg4
9. Be2 Bxf3 10. Bxf3 Nbd7 11. Bf4 Qc7 12. O-O Bg7 13. Re1 O-O 14. Qd2 Rfe8 15.
Re2 Ne5 16. Bxe5 Rxe5 17. a5 h5 18. Na4 Rae8 19. Nb6 Nxe4 0-1

[Event "Sydney International Open"]
[Site "Parramatta, NSW"]
[Date "2010.04.07"]
[Round "1.7"]
[White "Kunte, Abhijit"]
[Black "Stojic, Svetozar"]
[Result "1-0"]
[WhiteElo "2528"]
[BlackElo "2013"]
[PlyCount "67"]
[EventDate "2010.04.07"]
[EventType "swiss"]
[EventRounds "9"]
[EventCountry "AUS"]
[SourceDate "2010.04.07"]

1. d4 Nf6 2. c4 g6 3. Nf3 Bg7 4. g3 O-O 5. Bg2 c5 6. d5 d6 7. Nc3 Na6 8. O-O
Nc7 9. h3 Rb8 10. a4 e6 11. e4 exd5 12. cxd5 b6 13. e5 dxe5 14. Nxe5 Bb7 15.
Nc6 Bxc6 16. dxc6 Ne6 17. Qxd8 Rbxd8 18. Be3 a6 19. Rad1 Nd4 20. Bf4 Ne6 21. c7
Rc8 22. Bb7 Rxc7 23. Bxc7 Nxc7 24. Rfe1 Rb8 25. Re7 Nfe8 26. Bc6 Bf6 27. Red7
b5 28. Ne4 Bxb2 29. Rd8 Rxd8 30. Rxd8 Kf8 31. Nd6 Ke7 32. Rd7+ Ke6 33. Nxe8
Nxe8 34. Rd2 1-0

[Event "Sydney International Open"]
[Site "Parramatta, NSW"]
[Date "2010.04.07"]
[Round "1.8"]
[White "Zulfic, Fedja"]
[Black "Bojkov, Dejan"]
[Result "0-1"]
[WhiteElo "2008"]
[BlackElo "2505"]
[PlyCount "70"]
[EventDate "2010.04.07"]
[EventType "swiss"]
[EventRounds "9"]
[EventCountry "AUS"]
[SourceDate "2010.04.07"]

1. d4 Nf6 2. c4 g6 3. Nc3 Bg7 4. e4 d6 5. Nf3 O-O 6. Be3 e5 7. dxe5 dxe5 8.
Qxd8 Rxd8 9. Nd5 Na6 10. O-O-O Bg4 11. Bg5 Rd6 12. h3 Bxf3 13. gxf3 Ne8 14. Be2
c6 15. Nc3 Bf8 16. Be3 Nec7 17. f4 Rxd1+ 18. Nxd1 exf4 19. Bxf4 Ne6 20. Be3 Bc5
21. f3 Rd8 22. Bxc5 Naxc5 23. Nc3 Nf4 24. Kc2 Kg7 25. Rh2 Kf6 26. h4 Ke5 27.
Bf1 Nce6 28. Rf2 h5 29. Nd1 Nc5 30. Nc3 Ncd3 31. Bxd3 Rxd3 32. Na4 Kd4 33. b3
Ke3 34. Rf1 Rd2+ 35. Kc3 a5 0-1

[Event "Sydney International Open"]
[Site "Parramatta, NSW"]
[Date "2010.04.07"]
[Round "1.9"]
[White "Barua, Dibyendu"]
[Black "Bennett, Hilton"]
[Result "1-0"]
[WhiteElo "2479"]
[BlackElo "2001"]
[PlyCount "76"]
[EventDate "2010.04.07"]
[EventType "swiss"]
[EventRounds "9"]
[EventCountry "AUS"]
[SourceDate "2010.04.07"]

1. e4 g6 2. d4 Bg7 3. c3 d6 4. f4 Nf6 5. e5 dxe5 6. fxe5 Nd5 7. Nf3 O-O 8. Bc4
Bg4 9. h3 Bxf3 10. Qxf3 e6 11. O-O c5 12. Rd1 Nc6 13. Qe4 Rc8 14. Na3 cxd4 15.
cxd4 a6 16. Bb3 b5 17. Nc2 Na5 18. Ne3 Nc4 19. Ng4 h5 20. Nf2 Na5 21. Bc2 Nb4
22. Bb1 Qc7 23. Bd2 Nd5 24. Nd3 Nc4 25. Bg5 Qa7 26. Rc1 Nd6 27. exd6 Bxd4+ 28.
Kh1 Rxc1+ 29. Bxc1 Nf6 30. Qf3 Kg7 31. Bg5 Ng4 32. Be7 Rc8 33. hxg4 hxg4 34.
Qxg4 Rh8+ 35. Bh4 Bf2 36. g3 Qb7+ 37. Kh2 f5 38. Qf4 Bd4 1-0

[Event "Sydney International Open"]
[Site "Parramatta, NSW"]
[Date "2010.04.07"]
[Round "1.10"]
[White "Descallar, Levi"]
[Black "Macak, Stefan"]
[Result "0-1"]
[WhiteElo "1979"]
[BlackElo "2470"]
[PlyCount "94"]
[EventDate "2010.04.07"]
[EventType "swiss"]
[EventRounds "9"]
[EventCountry "AUS"]
[SourceDate "2010.04.07"]

1. d4 e6 2. Nf3 b6 3. e4 Bb7 4. Bd3 c5 5. c3 d5 6. Bg5 Qc7 7. Nbd2 Nf6 8. e5
Ne4 9. O-O Nxg5 10. Nxg5 h6 11. Nh3 Nc6 12. Rc1 Qd7 13. Qg4 O-O-O 14. Bb5 Kb8
15. a4 Rc8 16. a5 a6 17. Bxc6 Rxc6 18. axb6 Rxb6 19. b3 g6 20. dxc5 Bxc5 21. b4
Be7 22. Qd4 Qc7 23. Nf4 Rc8 24. Ne2 Bc6 25. Rfe1 Bb5 26. h3 Rc6 27. Nb3 Bxe2
28. Rxe2 Rc4 29. Qd3 Qb6 30. Ra2 Bxb4 31. Rca1 Rxc3 32. Rxa6 Qb7 33. Qd4 R8c4
34. Ra8+ Qxa8 35. Rxa8+ Kxa8 36. Qb6 Rxb3 37. Qa6+ Kb8 38. Qb6+ Kc8 39. Qa6+
Kd8 40. Qa8+ Rc8 41. Qb7 Rc7 42. Qb8+ Kd7 43. Qb5+ Ke7 44. Qb8 Rd7 45. Qb5 d4
46. Qc4 Rb1+ 47. Kh2 d3 0-1

[Event "Sydney International Open"]
[Site "Parramatta, NSW"]
[Date "2010.04.07"]
[Round "1.11"]
[White "Xie, George"]
[Black "Grigg, Sam"]
[Result "1-0"]
[WhiteElo "2470"]
[BlackElo "1979"]
[PlyCount "43"]
[EventDate "2010.04.07"]
[EventType "swiss"]
[EventRounds "9"]
[EventCountry "AUS"]
[SourceDate "2010.04.07"]

1. e4 e6 2. d4 d5 3. Nc3 Bb4 4. exd5 exd5 5. Bd3 Nf6 6. Bg5 h6 7. Bh4 O-O 8.
Nge2 Be7 9. O-O c6 10. f4 Ng4 11. Bxe7 Qxe7 12. Rf3 f5 13. Ng3 g6 14. Qd2 Nf6
15. Re1 Ne4 16. Ngxe4 fxe4 17. Nxe4 dxe4 18. Bxe4 Qf6 19. Bxg6 Nd7 20. Rg3 Kh8
21. f5 Qg7 22. Re7 1-0

[Event "Sydney International Open"]
[Site "Parramatta, NSW"]
[Date "2010.04.07"]
[Round "1.12"]
[White "Ansell, Alan"]
[Black "Johansen, Darryl"]
[Result "*"]
[WhiteElo "1968"]
[BlackElo "2457"]
[PlyCount "62"]
[EventDate "2010.04.07"]
[EventType "swiss"]
[EventRounds "9"]
[EventCountry "AUS"]
[SourceDate "2010.04.07"]

1. d4 c5 2. d5 Nf6 3. Nf3 g6 4. c4 Bg7 5. Nc3 d6 6. Bf4 O-O 7. Qd2 a6 8. e4 Qa5
9. Bd3 b5 10. O-O Nbd7 11. h3 bxc4 12. Bxc4 Qb4 13. Bd3 a5 14. a3 Qb6 15. Rfe1
Bb7 16. Na4 Qd8 17. Bh6 Re8 18. Bxg7 Kxg7 19. Nc3 Qb6 20. Bb5 Red8 21. a4 Qc7
22. b3 Rab8 23. Qb2 Kg8 24. Qd2 Ne8 25. Qh6 f6 26. Ne2 Ng7 27. Bc4 Qb6 28. Nf4
Ba6 29. Bxa6 Qxa6 30. Re3 Ne5 31. Nxe5 fxe5 {# In this position the White
knight went from f4 to h2, an illegal move that was not noticed by the players.
} *

[Event "Sydney International Open"]
[Site "Parramatta, NSW"]
[Date "2010.04.07"]
[Round "1.13"]
[White "Roy Chowdhury, Saptarshi"]
[Black "Cheung, Benjamin"]
[Result "1-0"]
[WhiteElo "2429"]
[BlackElo "1946"]
[PlyCount "65"]
[EventDate "2010.04.07"]
[EventType "swiss"]
[EventRounds "9"]
[EventCountry "AUS"]
[SourceDate "2010.04.07"]

1. e4 c5 2. Nf3 e6 3. Nc3 Nc6 4. Bb5 d5 5. exd5 exd5 6. d4 a6 7. Bxc6+ bxc6 8.
O-O c4 9. Re1+ Be7 10. b3 cxb3 11. axb3 Be6 12. Ne5 Qc7 13. Qe2 Qb7 14. Ba3
Bxa3 15. Rxa3 Ne7 16. Na4 Qb4 17. Raa1 Qxd4 18. Nxf7 O-O 19. Ng5 Bg4 20. Qxe7
Qxf2+ 21. Kh1 h6 22. Ne6 Rf7 23. Qc5 Bxe6 24. Rxe6 Raf8 25. Ree1 d4 26. Qc4 Kh8
27. Qd3 Rf5 28. h3 g5 29. Rf1 Qxf1+ 30. Rxf1 Rxf1+ 31. Kh2 R1f4 32. Nc5 Re8 33.
Qg6 1-0

[Event "Sydney International Open"]
[Site "Parramatta, NSW"]
[Date "2010.04.07"]
[Round "1.14"]
[White "Maroroa, Sue"]
[Black "Solomon, Stephen"]
[Result "0-1"]
[WhiteElo "1945"]
[BlackElo "2426"]
[PlyCount "72"]
[EventDate "2010.04.07"]
[EventType "swiss"]
[EventRounds "9"]
[EventCountry "AUS"]
[SourceDate "2010.04.07"]

1. e4 e5 2. Nf3 Nc6 3. Bc4 Bc5 4. O-O Nf6 5. d4 Bxd4 6. Nxd4 Nxd4 7. f4 d6 8.
fxe5 dxe5 9. Bg5 Qe7 10. Na3 Be6 11. c3 Bxc4 12. Bxf6 gxf6 13. Nxc4 Ne6 14. b4
Rg8 15. Kh1 Nf4 16. Ne3 Qe6 17. Rf2 Rd8 18. Qc2 Rg6 19. Raf1 Qc6 20. Nf5 b5 21.
g3 Nd3 22. Re2 Rg4 23. Kg1 Rxe4 24. Rd2 Qc4 25. Ng7+ Kf8 26. Nf5 Rd5 27. Qd1
Ke8 28. Ng7+ Ke7 29. Qf3 Nf4 30. Nf5+ Ke8 31. Nd4 f5 32. Nb3 Nh3+ 33. Kh1 f4
34. Rfd1 Rxd2 35. Rxd2 Re1+ 36. Kg2 e4 0-1

[Event "Sydney International Open"]
[Site "Parramatta, NSW"]
[Date "2010.04.07"]
[Round "1.15"]
[White "Lane, Gary"]
[Black "Holland, Dennis"]
[Result "1-0"]
[WhiteElo "2380"]
[BlackElo "1944"]
[PlyCount "47"]
[EventDate "2010.04.07"]
[EventType "swiss"]
[EventRounds "9"]
[EventCountry "AUS"]
[SourceDate "2010.04.07"]

1. e4 e6 2. d4 d5 3. Nd2 dxe4 4. Nxe4 Nd7 5. Nf3 Be7 6. Bd3 Ngf6 7. Qe2 c5 8.
Nxf6+ Bxf6 9. d5 e5 10. Qe4 Qe7 11. O-O h5 12. Re1 g6 13. Bf4 O-O 14. Nxe5 Nxe5
15. Bxe5 Bxe5 16. Qxe5 Qxe5 17. Rxe5 Rd8 18. c4 b6 19. f4 Kf8 20. Rf1 f5 21.
Rfe1 Bd7 22. Kf2 a6 23. Re7 b5 24. Rh7 1-0

[Event "Sydney International Open"]
[Site "Parramatta, NSW"]
[Date "2010.04.07"]
[Round "1.16"]
[White "Wang, Oscar"]
[Black "Lahiri, Atanu"]
[Result "0-1"]
[WhiteElo "1943"]
[BlackElo "2368"]
[PlyCount "58"]
[EventDate "2010.04.07"]
[EventType "swiss"]
[EventRounds "9"]
[EventCountry "AUS"]
[SourceDate "2010.04.07"]

1. e4 e6 2. d4 d5 3. e5 c5 4. c3 Nc6 5. Nf3 Qb6 6. Be2 Nh6 7. b3 cxd4 8. cxd4
Nf5 9. Bb2 Be7 10. O-O O-O 11. Qd2 f6 12. exf6 Bxf6 13. Rd1 Bd7 14. Na3 Be8 15.
Nc2 Bh5 16. Nce1 Nd6 17. Qe3 Rae8 18. h3 h6 19. Ba3 Nf5 20. Qd2 Nfxd4 21. Nxd4
Bxd4 22. Bxf8 Rxf8 23. Bf3 Bxa1 24. Rxa1 Bg6 25. Nc2 Qd8 26. Re1 Bxc2 27. Qxc2
Nd4 28. Qc3 Qf6 29. Re3 Ne2+ 0-1

[Event "Sydney International Open"]
[Site "Parramatta, NSW"]
[Date "2010.04.07"]
[Round "1.17"]
[White "Sharma, Dinesh Kumar"]
[Black "Guo, Emma"]
[Result "1-0"]
[WhiteElo "2361"]
[BlackElo "1941"]
[PlyCount "27"]
[EventDate "2010.04.07"]
[EventType "swiss"]
[EventRounds "9"]
[EventCountry "AUS"]
[SourceDate "2010.04.07"]

1. e4 e5 2. Nf3 Nc6 3. Bb5 f5 4. d3 fxe4 5. dxe4 Nf6 6. Nc3 Bc5 7. Qd3 d6 8.
Qc4 Bd7 9. O-O Nd4 10. Nxe5 Qe7 11. Nxd7 Nxd7 12. Nd5 Qd8 13. Bxd7+ Qxd7 14. b4
1-0

[Event "Sydney International Open"]
[Site "Parramatta, NSW"]
[Date "2010.04.07"]
[Round "1.18"]
[White "Jule, Alexandra"]
[Black "Rej, Tomek"]
[Result "0-1"]
[WhiteElo "1938"]
[BlackElo "2348"]
[PlyCount "86"]
[EventDate "2010.04.07"]
[EventType "swiss"]
[EventRounds "9"]
[EventCountry "AUS"]
[SourceDate "2010.04.07"]

1. d4 Nf6 2. Nf3 d5 3. e3 Bg4 4. Nbd2 e6 5. a3 Be7 6. c4 O-O 7. Bd3 Nbd7 8. b3
c5 9. Bb2 cxd4 10. exd4 dxc4 11. Nxc4 Nd5 12. O-O N7f6 13. Re1 Rc8 14. Rc1 Bd6
15. Nce5 Bh5 16. Rxc8 Qxc8 17. Qb1 Bxf3 18. Nxf3 Qd8 19. Ne5 Qe7 20. Qc1 Rd8
21. Re2 Nb6 22. Bc4 Nfd5 23. Bxd5 Nxd5 24. b4 Nb6 25. Rc2 Qh4 26. Qe1 Qh5 27.
Rc1 Na4 28. Ba1 h6 29. g3 Bxe5 30. dxe5 Qf3 31. h4 Qxa3 32. Rc7 Qf3 33. Rc1 b5
34. Kh2 Rd3 35. Rc8+ Kh7 36. Rc1 Qd5 37. Qe2 Rd2 38. Qe3 Rd3 39. Qe2 Qf3 40.
Qc2 g6 41. Re1 Nb6 42. Qc5 Nd5 43. Qxa7 Ne3 0-1

[Event "Sydney International Open"]
[Site "Parramatta, NSW"]
[Date "2010.04.07"]
[Round "1.19"]
[White "Teichmann, Erik OMC"]
[Black "Chen, Peng Yu"]
[Result "1-0"]
[WhiteElo "2325"]
[BlackElo "1934"]
[PlyCount "59"]
[EventDate "2010.04.07"]
[EventType "swiss"]
[EventRounds "9"]
[EventCountry "AUS"]
[SourceDate "2010.04.07"]

1. b4 c6 2. c4 d5 3. e3 e5 4. Bb2 Nd7 5. b5 Ngf6 6. Nf3 Bd6 7. Nc3 O-O 8. bxc6
bxc6 9. cxd5 cxd5 10. Nb5 Bb8 11. Ba3 Re8 12. Qc2 a6 13. Nd6 Bxd6 14. Bxd6 Bb7
15. Qb2 Ne4 16. Qxb7 Nxd6 17. Qxd5 Nf6 18. Qc6 e4 19. Nd4 Ng4 20. Be2 Ne5 21.
Qd5 Qf6 22. O-O Rad8 23. Nc6 Nxc6 24. Qxc6 Re6 25. Qxa6 Qh4 26. Qa5 Nb7 27. Qc7
Rh6 28. h3 Nd6 29. Rab1 Rg6 30. Rb8 1-0

[Event "Sydney International Open"]
[Site "Parramatta, NSW"]
[Date "2010.04.07"]
[Round "1.20"]
[White "Yu, Sally"]
[Black "Ly, Moulthun"]
[Result "0-1"]
[WhiteElo "1933"]
[BlackElo "2315"]
[PlyCount "50"]
[EventDate "2010.04.07"]
[EventType "swiss"]
[EventRounds "9"]
[EventCountry "AUS"]
[SourceDate "2010.04.07"]

1. e4 c5 2. Nf3 e6 3. d4 cxd4 4. Nxd4 Nf6 5. Nc3 d6 6. Be2 Be7 7. O-O O-O 8.
Be3 a6 9. f4 Qc7 10. Qe1 b5 11. Bd3 Bb7 12. a3 Nbd7 13. Qg3 Nc5 14. f5 e5 15.
Ndxb5 axb5 16. Bh6 Ne8 17. f6 Bxf6 18. Rxf6 Nxd3 19. cxd3 Kh8 20. Bxg7+ Nxg7
21. Qh4 Qe7 22. Qf2 Nh5 23. Rh6 Nf4 24. g3 Qg5 25. Rh4 Qxh4 0-1

[Event "Sydney International Open"]
[Site "Parramatta, NSW"]
[Date "2010.04.07"]
[Round "1.21"]
[White "Ikeda, Junta"]
[Black "Lee, Bryan"]
[Result "1-0"]
[WhiteElo "2302"]
[BlackElo "1930"]
[PlyCount "77"]
[EventDate "2010.04.07"]
[EventType "swiss"]
[EventRounds "9"]
[EventCountry "AUS"]
[SourceDate "2010.04.07"]

1. d4 Nf6 2. Nf3 g6 3. c4 Bg7 4. Nc3 d6 5. h3 O-O 6. Bf4 Nbd7 7. e3 Re8 8. Be2
c6 9. O-O a6 10. b4 Nh5 11. Bh2 e5 12. g4 Nhf6 13. Rc1 Qe7 14. c5 dxc5 15. dxe5
Nxg4 16. hxg4 cxb4 17. Ne4 Nxe5 18. Nxe5 Bxe5 19. Bxe5 Qxe5 20. Ng3 Be6 21. Bc4
Rad8 22. Qf3 Rd7 23. Ne4 Bxc4 24. Nf6+ Kh8 25. Nxd7 Qb5 26. Qf6+ Kg8 27. Qf4
Bxf1 28. Nf6+ Kf8 29. Qd6+ Re7 30. Qd8+ Kg7 31. Qxe7 Bh3 32. Nd7 Kh6 33. Qf8+
Kg5 34. Rc5+ Qxc5 35. Qxc5+ Kxg4 36. Qd4+ Kf3 37. Ne5+ Ke2 38. Qd3+ Ke1 39.
Nf3# 1-0

[Event "Sydney International Open"]
[Site "Parramatta, NSW"]
[Date "2010.04.07"]
[Round "1.22"]
[White "Voon, Richard"]
[Black "Fernandez, Daniel Howard"]
[Result "0-1"]
[WhiteElo "1915"]
[BlackElo "2299"]
[PlyCount "60"]
[EventDate "2010.04.07"]
[EventType "swiss"]
[EventRounds "9"]
[EventCountry "AUS"]
[SourceDate "2010.04.07"]

1. c4 g6 2. Nc3 Bg7 3. d4 d6 4. e4 e5 5. Nf3 Nc6 6. Be3 Bg4 7. d5 Nd4 8. Be2
Nxe2 9. Qxe2 Ne7 10. h3 Bd7 11. Nd2 O-O 12. O-O f5 13. f3 f4 14. Bf2 g5 15. c5
h5 16. Nc4 Rf6 17. b4 Rg6 18. b5 g4 19. c6 gxh3 20. cxd7 hxg2 21. Bh4 gxf1=Q+
22. Kxf1 Qxd7 23. Qh2 Bf6 24. Bf2 h4 25. Ke2 Rg3 26. Nd2 Kf7 27. Nf1 Rag8 28.
a4 Rh3 29. Qg1 Rxg1 30. Bxg1 Rxf3 0-1

[Event "Sydney International Open"]
[Site "Parramatta, NSW"]
[Date "2010.04.07"]
[Round "1.25"]
[White "Rujevic, Mirko"]
[Black "Lester, George"]
[Result "0-1"]
[WhiteElo "2261"]
[BlackElo "1887"]
[PlyCount "56"]
[EventDate "2010.04.07"]
[EventType "swiss"]
[EventRounds "9"]
[EventCountry "AUS"]
[SourceDate "2010.04.07"]

1. e4 c5 2. Nf3 Nc6 3. d4 cxd4 4. Nxd4 Nf6 5. Nc3 e5 6. Ndb5 d6 7. Bg5 a6 8.
Na3 b5 9. Nd5 Be7 10. Nxe7 Nxe7 11. Bd3 d5 12. Qf3 Qa5+ 13. c3 b4 14. Nc2 bxc3
15. b4 Qb6 16. exd5 Bb7 17. Qg3 Rd8 18. Be3 Qd6 19. Bc4 Nfxd5 20. O-O-O O-O 21.
Bc5 Qf6 22. Rhe1 Rfe8 23. Rxe5 Qh6+ 24. Kb1 Nxb4 25. Rxd8 Rxd8 26. Nxb4 Qd2 27.
Bxf7+ Kh8 28. Nd3 c2+ 0-1

[Event "Sydney International Open"]
[Site "Parramatta, NSW"]
[Date "2010.04.07"]
[Round "1.26"]
[White "Encel, Benjamin"]
[Black "Samar, Raul"]
[Result "0-1"]
[WhiteElo "1884"]
[BlackElo "2235"]
[PlyCount "90"]
[EventDate "2010.04.07"]
[EventType "swiss"]
[EventRounds "9"]
[EventCountry "AUS"]
[SourceDate "2010.04.07"]

1. e4 c5 2. Nc3 e6 3. f4 a6 4. Nf3 Qc7 5. d3 d6 6. g3 Nf6 7. Bg2 Be7 8. O-O Nc6
9. h3 Rb8 10. Qe1 h6 11. Qf2 Nd7 12. Bd2 b5 13. e5 d5 14. Ne2 Nb6 15. g4 b4 16.
Rae1 a5 17. Ng3 c4 18. d4 Nd8 19. c3 Na4 20. Rb1 Bd7 21. f5 b3 22. a3 Nxb2 23.
Rxb2 Bxa3 24. Bc1 a4 25. Rb1 Bxc1 26. Rfxc1 a3 27. Nh5 Kf8 28. Nh4 Kg8 29. Rf1
b2 30. fxe6 Bxe6 31. Nf5 Rh7 32. Nfxg7 Rxg7 33. Nxg7 Kxg7 34. Qf6+ Kg8 35. g5
hxg5 36. Qxg5+ Kf8 37. Qd2 Qb7 38. h4 a2 39. h5 axb1=Q 40. Rxb1 Bf5 41. Qh6+
Ke8 42. Qh8+ Kd7 43. Bh3 Bxh3 44. h6 Bf5 45. Qf6 Bxb1 0-1

[Event "Sydney International Open"]
[Site "Parramatta, NSW"]
[Date "2010.04.07"]
[Round "1.27"]
[White "Ayvazyan, Armen"]
[Black "Tan, Kevin"]
[Result "1-0"]
[WhiteElo "2222"]
[BlackElo "1882"]
[PlyCount "49"]
[EventDate "2010.04.07"]
[EventType "swiss"]
[EventRounds "9"]
[EventCountry "AUS"]
[SourceDate "2010.04.07"]

1. Nf3 g6 2. c4 Bg7 3. e4 c5 4. d4 Nc6 5. d5 Na5 6. Nc3 a6 7. Be2 d6 8. O-O Rb8
9. Bf4 Nf6 10. h3 b5 11. cxb5 axb5 12. Bxb5+ Bd7 13. Bxd7+ Qxd7 14. e5 Nh5 15.
e6 fxe6 16. dxe6 Qxe6 17. Re1 Qd7 18. Bxd6 Rxb2 19. Rxe7+ Qxe7 20. Bxe7 Kxe7
21. Nd5+ Kf8 22. Qe1 Rb7 23. Qxa5 Bxa1 24. Qa8+ Kg7 25. Qxb7+ 1-0

[Event "Sydney International Open"]
[Site "Parramatta, NSW"]
[Date "2010.04.07"]
[Round "1.28"]
[White "Shaw, Robin A"]
[Black "Shen, Daniel"]
[Result "1/2-1/2"]
[WhiteElo "1879"]
[BlackElo "2197"]
[PlyCount "65"]
[EventDate "2010.04.07"]
[EventType "swiss"]
[EventRounds "9"]
[EventCountry "AUS"]
[SourceDate "2010.04.07"]

1. e4 e5 2. Nf3 Nc6 3. d4 exd4 4. Bc4 Nf6 5. e5 d5 6. Bb5 Ne4 7. c3 dxc3 8.
Nxc3 Bb4 9. Bd2 Nxd2 10. Bxc6+ bxc6 11. Qxd2 O-O 12. a3 Be7 13. O-O Bg4 14. Nd4
Qd7 15. h3 Be6 16. f4 c5 17. Nxe6 fxe6 18. f5 d4 19. f6 gxf6 20. exf6 Bxf6 21.
Ne4 Bg7 22. Qg5 Qd5 23. Qxd5 exd5 24. Nxc5 Rae8 25. Rae1 Rxf1+ 26. Kxf1 Kf7 27.
Rxe8 Kxe8 28. Ke2 Ke7 29. b4 Kd6 30. Nd3 Ke6 31. Kf3 c6 32. Nf4+ Kd6 33. Nd3
1/2-1/2

[Event "Sydney International Open"]
[Site "Parramatta, NSW"]
[Date "2010.04.07"]
[Round "1.29"]
[White "Stojic, Dusan"]
[Black "Smirnov, Anton"]
[Result "1-0"]
[WhiteElo "2192"]
[BlackElo "1868"]
[PlyCount "131"]
[EventDate "2010.04.07"]
[EventType "swiss"]
[EventRounds "9"]
[EventCountry "AUS"]
[SourceDate "2010.04.07"]

1. e4 e5 2. Nf3 Nc6 3. Bb5 f5 4. d3 fxe4 5. dxe4 Nf6 6. Qd3 Bc5 7. Nc3 d6 8.
Na4 Bb6 9. Nxb6 axb6 10. O-O Bg4 11. h3 Bxf3 12. Qxf3 O-O 13. c3 Ne7 14. Bc4+
Kh8 15. Qe2 Ng6 16. g3 Qd7 17. Kh2 Qe7 18. a4 Nd7 19. b4 Rfe8 20. Be3 Nf6 21.
Bd3 Nf8 22. Rfb1 Ne6 23. Rb3 Qf7 24. Rba3 Qe7 25. a5 bxa5 26. Rxa5 Rxa5 27.
Rxa5 Nd8 28. Qa2 Rf8 29. Ra8 h6 30. Rc8 Qd7 31. Qa8 Ng8 32. Qb8 Nc6 33. Rxf8
Nxb8 34. Bc4 Nc6 35. Bxg8 Qe7 36. Ra8 Nd8 37. Bd5 Kh7 38. Bc4 Qd7 39. b5 Kg6
40. Be2 Kf7 41. Bg4 Qe7 42. h4 Qf6 43. Rc8 Qe7 44. c4 b6 45. h5 Ne6 46. Bf5 Qd7
47. Rb8 Kf6 48. Bg6 Ke7 49. Kg2 Kf6 {Black offered a draw.} 50. Bf5 Qe7 51. Kg1
Nd4 52. Bg6 Ne6 53. Re8 Qd7 54. f4 c6 55. f5 Nd8 56. Rf8+ Ke7 57. Re8+ Kf6 58.
bxc6 Qc7 59. Kf2 Qb8 60. Rf8+ Ke7 61. Re8+ Kf6 62. Kf3 Qc7 63. g4 Qb8 64. g5+
hxg5 65. Kg4 Qc7 66. Bxg5# 1-0